000 00411nam a2200157Ia 4500
008 100122s9999 xx 000 0 und d
082 _b23705
_a823
100 _aपरांजपे शकुंतला
245 _aघराचा मालक
250 _a0
260 _c1969
300 _a50
630 _aघराचा मालक
730 _aघराचा मालक
942 _cBOOK
999 _c411237
_d411234